00770nam a22002057a 450000500170000001000150001702000260003203500130005803700140007108200090008510000420009424501770013625000060031326000440031927000550036330000570041870000330047570000300050870000260053820240328104833.0 aHIN-127219 a9788194915454c500.00 aHN-99565 bDBAD/PUB. aक  aअयंगर,एस आर आर  aभारतीय योद्धा;साहस,बहादुरी और त्याग की वीर गाथा/cएस आर आर अयंगर [et.al] a1 anew delhibuday publishing house c2021 a4648/21 Ansari Road Darya Ganj bNew Delhie110002 a126 पृ; c23 सेमी (सजिल्द) aपी वी एस एम  aए वी एस एम  aवी एस एम